Day care for other people's children in your home. (Record no. 34508)
[ view plain ]
| 000 -LEADER | |
|---|---|
| fixed length control field | 00901cam a22002651 4500 |
| 001 - CONTROL NUMBER | |
| control field | hew64000128 |
| 003 - CONTROL NUMBER IDENTIFIER | |
| control field | DLC |
| 005 - DATE AND TIME OF LATEST TRANSACTION | |
| control field | 20260227111513.0 |
| 008 - FIXED-LENGTH DATA ELEMENTS--GENERAL INFORMATION | |
| fixed length control field | 781205s1964 dcua f000 0 eng c |
| 010 ## - LIBRARY OF CONGRESS CONTROL NUMBER | |
| LC control number | hew64000128 |
| 035 ## - SYSTEM CONTROL NUMBER | |
| System control number | (OCoLC)4420865 |
| 040 ## - CATALOGING SOURCE | |
| Original cataloging agency | U.S. Dept. of H.E.W. |
| Transcribing agency | ArLUA |
| Modifying agency | DNLM |
| -- | OCoLC |
| -- | DLC |
| 042 ## - AUTHENTICATION CODE | |
| Authentication code | premarc |
| 050 00 - LIBRARY OF CONGRESS CALL NUMBER | |
| Classification number | HV854 |
| Item number | .A46 |
| 060 00 - NATIONAL LIBRARY OF MEDICINE CALL NUMBER | |
| Classification number | W1 |
| Item number | UN6181 no.412 1964 |
| 110 1# - MAIN ENTRY--CORPORATE NAME | |
| Corporate name or jurisdiction name as entry element | United States. |
| Subordinate unit | Children's Bureau. |
| 245 10 - TITLE STATEMENT | |
| Title | Day care for other people's children in your home. |
| 260 ## - PUBLICATION, DISTRIBUTION, ETC. | |
| Place of publication, distribution, etc. | [Washington, |
| Name of publisher, distributor, etc. | For sale by the Superintendent of Documents, U. S. Govt. Print. Off., |
| Date of publication, distribution, etc. | 1964] |
| 300 ## - PHYSICAL DESCRIPTION | |
| Extent | 17 p. |
| Other physical details | illus. |
| Dimensions | 19 cm. |
| 490 1# - SERIES STATEMENT | |
| Series statement | Its Publication |
| Volume/sequential designation | no. 412 |
| 500 ## - GENERAL NOTE | |
| General note | Cover title. |
| 650 #0 - SUBJECT ADDED ENTRY--TOPICAL TERM | |
| Topical term or geographic name entry element | Day care centers |
| Geographic subdivision | United States. |
| 740 0# - ADDED ENTRY--UNCONTROLLED RELATED/ANALYTICAL TITLE | |
| Uncontrolled related/analytical title | Other people's children in your home. |
| 810 1# - SERIES ADDED ENTRY--CORPORATE NAME | |
| Corporate name or jurisdiction name as entry element | United States. |
| Subordinate unit | Children's Bureau. |
| Title of a work | Publication |
| Volume/sequential designation | no. 412. |
No items available.